[Event "25th Vallfogona Rapid"]
[Site "Vallfogona de Balague ESP"]
[Date "2017.09.17"]
[Round "9.6"]
[White "Esplugas Esteve,V1"]
[Black "Barbero Senidic,A"]
[Result "0-1"]
[WhiteElo "2317"]
[BlackElo "2409"]

1.d4 d5 2.c4 dxc4 3.e4 Nc6 4.Nf3 Bg4 5.d5 Ne5 6.Nbd2 Nf6 7.Nxc4 Nfd7 8.Ncxe5 Nxe5
9.Qa4+ Bd7 10.Qb3 Nxf3+ 11.gxf3 e6 12.dxe6 Bxe6 13.Qxb7 Bd6 14.Bb5+ Kf8 15.Bd2 Rb8
16.Qa6 Rb6 17.Qa4 Qb8 18.Bd7 Bxd7 19.Qxd7 Rxb2 20.Rd1 Qe8 21.Qg4 Qe6 22.Qxe6 fxe6
23.Bc3 Rc2 24.Be5 Bxe5 25.Rd8+ Ke7 26.Rxh8 Rc1+ 27.Ke2 Rxh1  0-1

[Event "World Youth Open U14 2017"]
[Site "Montevideo URU"]
[Date "2017.09.18"]
[Round "2.5"]
[White "Kumar,Nikhil"]
[Black "Mitev,Valentin"]
[Result "1-0"]
[WhiteElo "2317"]
[BlackElo "2056"]

1.d4 d5 2.c4 dxc4 3.e4 b5 4.a4 c6 5.axb5 cxb5 6.Nc3 a6 7.Nxb5 axb5 8.Rxa8 Bb7
9.Ra2 e6 10.Ne2 Bxe4 11.b3 Nc6 12.bxc4 Nb4 13.Rd2 bxc4 14.Nc3 Nf6 15.Nxe4 Nxe4
16.Qa4+  1-0

[Event "World Youth Girl U14 2017"]
[Site "Montevideo URU"]
[Date "2017.09.18"]
[Round "2.12"]
[White "Qi,Katherene"]
[Black "Harazinska,Magdalena"]
[Result "0-1"]
[WhiteElo "1539"]
[BlackElo "1942"]

1.d4 d5 2.c4 dxc4 3.e4 Nf6 4.e5 Nd5 5.Bxc4 Nb6 6.Bb3 Nc6 7.Nf3 Bf5 8.Nc3 e6
9.O-O Be7 10.a3 Qd7 11.Be3 O-O-O 12.Qe2 g5 13.Rfd1 g4 14.Ne1 Nd5 15.Bxd5 exd5
16.b4 h5 17.Nd3 Bxd3 18.Qxd3 h4 19.Rdc1 Rdg8 20.Qb5 Rd8 21.Qd3 Kb8 22.Bf4 Qe6
23.Na4 Qg6 24.Qc3 Qe4 25.Be3 h3 26.f3 gxf3 27.g3 f2+ 28.Kxf2 Qg2+ 29.Ke1 Qh1+
30.Ke2 Qxh2+ 31.Bf2 Qg2 32.Nc5 h2 33.Rh1 Rh5 34.b5 Nxe5 35.Na6+ bxa6 36.bxa6 Qe4+
37.Be3 Qf3+ 38.Ke1 Qxh1+ 39.Ke2 Qf3+ 40.Kd2 Nc4+ 41.Kc2 Qe2+ 42.Kb3 Qxe3
43.Qxe3 Nxe3 44.Rh1 Ng4 45.Ka4 Nf2 46.Rb1+ Ka8 47.g4 h1=Q 48.Rb5 Qd1+ 49.Ka5 Qd2+
50.Ka4 Qxd4+ 51.Ka5 Qc3+ 52.Rb4 Qxa3+ 53.Kb5 Qxb4+ 54.Kc6 Qc5+  0-1

[Event "World Youth Girl U16 2017"]
[Site "Montevideo URU"]
[Date "2017.09.22"]
[Round "6.14"]
[White "Sanikidze,Salome"]
[Black "Erseki,Tamara"]
[Result "1/2-1/2"]
[WhiteElo "1773"]
[BlackElo "2050"]

1.d4 d5 2.c4 dxc4 3.e4 Nc6 4.d5 Ne5 5.f4 Nd3+ 6.Bxd3 cxd3 7.Qxd3 c6 8.Nc3 Nf6
9.Be3 cxd5 10.Nxd5 Nxd5 11.Qxd5 Qxd5 12.exd5 Bf5 13.Ne2 Be4 14.Nc3 Bxg2 15.Rg1 Bh3
16.Nb5 Rc8 17.Bxa7 Bd7 18.Nc3 Rc4 19.Be3 e6 20.dxe6 Bxe6 21.Kd2 f6 22.Rac1 Kf7
23.b3 Rc6 24.Nb5 Bb4+ 25.Ke2 Rxc1 26.Rxc1 Rc8 27.Rxc8 Bxc8 28.Kd3 Be6 29.Nc7 Bf5+
30.Kc4 Bd6 31.Nb5 Be6+ 32.Kd4 Ke7 33.Bd2 Kd7 34.Nxd6 Kxd6 35.Bb4+  1/2-1/2

[Event "chess.com IoM Masters"]
[Site "Douglas ENG"]
[Date "2017.09.23"]
[Round "1.27"]
[White "Sargissian,G"]
[Black "Huschenbeth,N"]
[Result "1-0"]
[WhiteElo "2652"]
[BlackElo "2596"]

1.d4 d5 2.c4 dxc4 3.e4 Nf6 4.e5 Nd5 5.Bxc4 Nb6 6.Bd3 Nc6 7.Ne2 Bg4 8.f3 Bh5
9.Nbc3 e6 10.Be4 Bg6 11.O-O Be7 12.Be3 Bxe4 13.fxe4 Bg5 14.Qc1 Bxe3+ 15.Qxe3 Qe7
16.Nf4 O-O-O 17.Nce2 Rd7 18.Rac1 Rhd8 19.a3 g5 20.Nh3 Nxd4 21.Nxd4 Rxd4 22.Nxg5 Nc4
23.Qf4 Nxb2 24.Qxf7 R4d7 25.Qxe7 Rxe7 26.Nf7 Nd3 27.Rc3 Red7 28.Nxd8 Kxd8
29.Rf8+ Ke7 30.Rh8 Nxe5 31.Rxh7+ Nf7 32.Kf2 Kf6 33.Ke2 Kg6 34.Rh4 Kg5 35.Rhh3 Nd6
36.Rcg3+ Kf4 37.Rh4+ Ke5 38.Rh5+  1-0

[Event "3rd IF Payroll Blitz 2017"]
[Site "Sanem LUX"]
[Date "2017.09.23"]
[Round "?"]
[White "Van Wely,L"]
[Black "Bodrozic,T"]
[Result "1-0"]
[WhiteElo "2661"]
[BlackElo "2365"]

1.d4 d5 2.c4 dxc4 3.e4 Nc6 4.Nf3 Nf6 5.Nc3 Bg4 6.d5 Ne5 7.Bf4 Ng6 8.Be3 e6
9.dxe6 fxe6 10.Qa4+ c6 11.Qxc4 Be7 12.Ng5 Ne5 13.Qb3 Nd5 14.exd5 Bxg5 15.Bxg5 Qxg5
16.dxc6 O-O 17.cxb7 Rad8 18.Ne4 Qf4 19.Qe3 Qxe3+  1-0

[Event "Mitropa Cup 2017"]
[Site "Balatonszarszo HUN"]
[Date "2017.09.25"]
[Round "9.1"]
[White "Studer,N"]
[Black "Godena,M"]
[Result "0-1"]
[WhiteElo "2478"]
[BlackElo "2488"]

1.d4 d5 2.c4 dxc4 3.e4 Nc6 4.Nf3 Nf6 5.Nc3 Bg4 6.Be3 e6 7.Bxc4 Bb4 8.Qd3 Bh5
9.a3 Bxc3+ 10.bxc3 Bg6 11.Bg5 Bxe4 12.Qe3 Bd5 13.Bd3 Bxf3 14.Qxf3 Qd5 15.Qf4 Qxg2
16.Kd2 Qg4 17.Qxg4 Nxg4 18.Bh4 g5 19.Rag1 h5 20.h3 gxh4 21.hxg4 hxg4 22.Rxg4 h3
23.Rxh3 Rxh3 24.Rg8+ Ke7 25.Rxa8 a6 26.Rc8 Kd7 27.Rf8 Ke7 28.Rc8 Kd7 29.Rf8 Nd8
30.Be4 Rh2 31.Ke3 Rh3+ 32.Kd2 Rh5 33.a4 Ra5 34.Bc2 e5 35.Rh8 exd4 36.cxd4 Rg5
37.Ke3 Rg1 38.Rh5 Ra1 39.Rf5 Ra3+ 40.Ke4 Rc3 41.Bd1 Ke7 42.Re5+ Kf8 43.Rf5 Rc1
44.Bb3 Rc3 45.Bd1 Rc1 46.Bb3 Rb1 47.Bc2 Rb2 48.Bd1 Rb1 49.Bc2 Rb4 50.Rf3 Ne6
51.Rb3 Nc5+  0-1

[Event "chess.com IoM Masters"]
[Site "Douglas ENG"]
[Date "2017.09.25"]
[Round "3.17"]
[White "Brunello,S"]
[Black "Howell,D"]
[Result "1/2-1/2"]
[WhiteElo "2555"]
[BlackElo "2701"]

1.d4 d5 2.c4 dxc4 3.e4 Nf6 4.e5 Nd5 5.Bxc4 Bf5 6.Ne2 e6 7.O-O Nb6 8.Bb3 Nc6
9.Nbc3 Qd7 10.Be3 O-O-O 11.Qc1 Kb8 12.Rd1 Nb4 13.Ng3 Bg6 14.Nge4 h6 15.Nc5 Qc6
16.a3 N4d5 17.Nxd5 Nxd5 18.Ba4 Qb6 19.b4 Bxc5 20.dxc5 Qa6 21.Bb3 Nxe3 22.Qxe3 Rxd1+
23.Bxd1 Rd8 24.Be2 Qa4 25.Rc1 Bc2 26.h4 Bd1 27.Bf1 Qd7 28.Rc3 Qd2 29.Qxd2 Rxd2
30.Rg3 g6 31.Rd3 Rxd3 32.Bxd3 Kc8 33.f4 Kd7 34.Bb5+ Ke7 35.Kf2 f5 36.Ke3 h5
37.Kd4 Bc2 38.Be2 Kd7 39.Bf3 c6 40.Kc3 Ba4 41.Be2 Kc7 42.Bc4 Kd7 43.Bb3 Bxb3
44.Kxb3 Kc7 45.Kc4 Kd7 46.a4 a6 47.b5 a5 48.b6  1/2-1/2

[Event "5th Asian Team Women KO Blitz"]
[Site "Ashgabat TKM"]
[Date "2017.09.27"]
[Round "1"]
[White "Lei Tingjie"]
[Black "Nodirjanova,N"]
[Result "1-0"]
[WhiteElo "2534"]
[BlackElo "2166"]

1.d4 d5 2.c4 dxc4 3.e4 Nf6 4.e5 Nd5 5.Bxc4 Nb6 6.Bd3 Nc6 7.Ne2 Bg4 8.f3 Be6
9.Nbc3 Bc4 10.Be4 Bxe2 11.Nxe2 Nd5 12.Qb3 e6 13.Qxb7 Ncb4 14.Qb5+ Qd7 15.Qxd7+ Kxd7
16.a3 Nc6 17.Nc3 Nce7 18.Bd2 Rb8 19.O-O-O f5 20.exf6 Nxf6 21.Rhe1 g6 22.Bc2 Ned5
23.Ba4+ c6 24.Ne4 Nxe4 25.fxe4 Nb6 26.Bb3 Bd6 27.Rf1 Rhf8 28.g3 Nc8 29.Ba2 Ne7
30.Bh6 Rxf1 31.Rxf1 c5 32.dxc5 Be5 33.b4 a5 34.Rf7 axb4 35.Bg5 Bb2+ 36.Kxb2 bxa3+
37.Kxa3 Ra8+ 38.Kb2 Re8 39.Rxe7+ Rxe7 40.Bxe7 Kxe7 41.Kc3 Kd7 42.Kd4 Kc6
43.Bxe6  1-0

[Event "chess.com IoM Masters"]
[Site "Douglas ENG"]
[Date "2017.09.28"]
[Round "6.30"]
[White "Bindrich,F"]
[Black "Neelotpal,D"]
[Result "1-0"]
[WhiteElo "2598"]
[BlackElo "2448"]

1.d4 d5 2.c4 dxc4 3.e4 b5 4.a4 c6 5.Nc3 a6 6.axb5 cxb5 7.Nxb5 axb5 8.Rxa8 Bb7
9.Ra1 e6 10.f3 f5 11.exf5 Ne7 12.Bg5 Qd5 13.b3 Nec6 14.bxc4 bxc4 15.Rc1 c3
16.Ne2 Qxf5 17.Be3 Ba3 18.Rc2 O-O 19.Nxc3 Nb4 20.Rd2 Rc8 21.Qb3 Qa5 22.Bc4 Bd5
23.Bxd5 Nxd5 24.Nxd5 exd5 25.O-O  1-0

[Event "3rd Ceramica Corund Open"]
[Site "Corund ROU"]
[Date "2017.09.30"]
[Round "8.1"]
[White "Gledura,B"]
[Black "Malakhatko,V"]
[Result "1/2-1/2"]
[WhiteElo "2600"]
[BlackElo "2511"]

1.d4 d5 2.c4 dxc4 3.e4 Nf6 4.e5 Nd5 5.Bxc4 Nb6 6.Bd3 Nc6 7.Be3 Nb4 8.Be4 N4d5
9.Nc3 c6 10.Qf3 Be6 11.Nge2 Qd7 12.h3 g6 13.Rc1 Bg7 14.Bb1 O-O 15.Ne4 f6
16.exf6 exf6 17.O-O Nxe3  1/2-1/2

[Event "Bolkhov Tournament 2017"]
[Site "Bolkhov RUS"]
[Date "2017.10.01"]
[Round "2"]
[White "Korchenkova,I"]
[Black "Shmidt,Elena"]
[Result "1/2-1/2"]
[WhiteElo "2103"]
[BlackElo "2155"]

1.d4 d5 2.c4 dxc4 3.e4 b5 4.a4 c6 5.axb5 cxb5 6.Nc3 a6 7.Nxb5 axb5 8.Rxa8 Bb7
9.Ra2 e6 10.f3 Nc6 11.Ne2 e5 12.d5 Nb4 13.Ra3 Nf6 14.Nc3 Qb6 15.Be2 Bc5 16.g3 Bc8
17.Qd2 O-O 18.Nd1 Na6 19.Rc3 Bd4 20.Ra3 Bc5 21.Qc2 Bxa3 22.bxa3 Nc5 23.Be3 Qc7
24.O-O Bh3 25.Re1 Rc8 26.g4 h5 27.Nf2 hxg4 28.fxg4 Qa5 29.Rb1 Qxa3 30.Bc1 Qa4
31.Qxa4 bxa4 32.Nxh3 Ncxe4 33.Ra1 Nc3 34.Bf1 Nfxd5 35.Bb2 Nb5 36.Rxa4 c3
37.Bc1 Nd4 38.Kf2 Nb3 39.Ba3 c2 40.Rc4 Ra8 41.Bd3 Nb6 42.Rc6 Rxa3 43.Rxb6 g6
44.Bxc2 Nd4 45.Ng5 Ra2 46.Rb8+ Kg7 47.Rb7 Rxc2+ 48.Kg3 Rc3+ 49.Kf2 Rc2+ 50.Ke3 Rxh2
51.Rxf7+  1/2-1/2

[Event "ch-RUS Blitz Women 2017"]
[Site "Sochi RUS"]
[Date "2017.10.02"]
[Round "5.3"]
[White "Nechaeva,Marina"]
[Black "Bivol,A"]
[Result "0-1"]
[WhiteElo "2431"]
[BlackElo "2356"]

1.d4 d5 2.c4 dxc4 3.e4 b5 4.a4 b4 5.Bxc4 e6 6.Nf3 Nf6 7.Qe2 Bb7 8.Nbd2 Be7
9.O-O h6 10.e5 Nd5 11.Ne4 a5 12.Bd2 O-O 13.Rac1 Nd7 14.Bd3 f5 15.exf6 N5xf6
16.Nxf6+ Rxf6 17.Be4 Bxe4 18.Qxe4 Nb6 19.Bf4 Nd5 20.Bg3 Rc8 21.Rc6 Qd7 22.Ne5 Qe8
23.Rfc1 h5 24.h3 Bd6 25.Nc4 Bxg3 26.fxg3 Qxc6  0-1

[Event "ch-RUS Blitz Women 2017"]
[Site "Sochi RUS"]
[Date "2017.10.02"]
[Round "14.14"]
[White "Potapova,Margarita"]
[Black "Belenkaya,D"]
[Result "1-0"]
[WhiteElo "2163"]
[BlackElo "2346"]

1.d4 d5 2.c4 dxc4 3.e4 Nf6 4.e5 Nd5 5.Bxc4 Nc6 6.Ne2 Nb6 7.Bb3 Bf5 8.O-O e6
9.Nbc3 Nb4 10.Be3 N4d5 11.a4 a5 12.Rc1 c6 13.Ng3 Bg6 14.Nce4 Be7 15.Nc5 Bxc5
16.Rxc5 O-O 17.Rc1 Nb4 18.d5 N6xd5 19.Bc5 Re8 20.Bd6 Qh4 21.Rc4 Qg5 22.h4 Qd8
23.Rd4 h6 24.h5 Bh7 25.Rg4 Bf5 26.Rd4 Qg5 27.Bc4 Rac8 28.Be2 c5 29.Rd2 c4
30.Rd4 c3 31.bxc3 Nxc3 32.Qb3 Nxe2+ 33.Nxe2 Qxh5 34.Ng3 Qg5 35.Bxb4 axb4
36.Rxb4 Bc2 37.Qb2 Bd3 38.Rd1 Ba6 39.Ne4 Qg4 40.Nf6+ gxf6 41.Rxg4+ Kh8  1-0

[Event "German Youth Teams 2017"]
[Site "Hannover GER"]
[Date "2017.10.04"]
[Round "7.4"]
[White "Neukirchner,Pascal"]
[Black "Wiesner,P"]
[Result "1-0"]
[WhiteElo "2123"]
[BlackElo "2012"]

1.d4 d5 2.c4 dxc4 3.e4 b5 4.a4 c6 5.axb5 cxb5 6.Nc3 a6 7.Nxb5 axb5 8.Rxa8 Bb7
9.Ra2 e6 10.f3 Nc6 11.b3 Bb4+ 12.Kf2 Nxd4 13.bxc4 Nf6 14.Be3 Nxe4+ 15.fxe4 Qh4+
16.g3 Qxe4 17.Nf3 Nf5 18.Bb6 O-O 19.cxb5 Bd5 20.Bd3 Qg4 21.Ra4 Bxf3 22.Qxf3 Be1+
23.Rxe1 Qxa4 24.Re4 Qb3 25.Re2 Rb8 26.Ba7 Rd8 27.Bxf5 Qxf3+ 28.Kxf3 exf5
29.b6  1-0

[Event "Oslo Open 2017"]
[Site "Fornebu NOR"]
[Date "2017.10.05"]
[Round "8.6"]
[White "Urkedal,F"]
[Black "Risting,Eivind Olav"]
[Result "1-0"]
[WhiteElo "2570"]
[BlackElo "2322"]

1.d4 d5 2.c4 dxc4 3.e4 b5 4.a4 c6 5.Nc3 a6 6.axb5 cxb5 7.Nxb5 axb5 8.Rxa8 Bb7
9.Ra2 e6 10.f3 f5 11.b3 Bb4+ 12.Kf2 fxe4 13.bxc4 Nf6 14.Qb3 O-O 15.Qxb4 Qxd4+
16.Ke1 exf3 17.Nxf3 Bxf3 18.gxf3 Ne4 19.Qb3 Nc3 20.Rd2 Qh4+ 21.Rf2 Rxf3 22.Qc2 Ne4
23.Bg5 Nxg5 24.Bg2 Re3+ 25.Kd1 Ra3 26.Rhf1 Qd4+ 27.Rd2 Ra1+ 28.Ke2 Qe5+ 29.Qe4 Qxe4+
30.Bxe4 Rxf1 31.Kxf1 Nxe4 32.Rd8+ Kf7 33.cxb5 Ke7 34.Rxb8 Nd6 35.b6 Kd7 36.b7 Kc7
37.Rg8 Kxb7 38.Rxg7+ Kc6 39.Rxh7 Kd5 40.Kf2 Ke5 41.Kf3 Nf5 42.Rf7 Nd4+ 43.Kg4 Nf5
44.Kg5 Nd6 45.Rf8  1-0

[Event "TCh-RUS Blitz w 2017"]
[Site "Sochi RUS"]
[Date "2017.10.05"]
[Round "8.2"]
[White "Nechaeva,Marina"]
[Black "Belenkaya,D"]
[Result "1-0"]
[WhiteElo "2431"]
[BlackElo "2346"]

1.d4 d5 2.c4 dxc4 3.e4 Nf6 4.e5 Nd5 5.Bxc4 Nc6 6.Be3 Nb6 7.Bd3 Be6 8.Nc3 Qd7
9.Nge2 Bd5 10.O-O e6 11.Rc1 Nb4 12.Nxd5 N6xd5 13.Be4 Nxa2 14.Ra1 Nab4 15.Nc3 c6
16.Qg4 f5 17.exf6 Nxf6 18.Qf3 Nxe4 19.Nxe4 Qf7 20.Qh3 Be7 21.Bg5 O-O 22.Be3 Nd5
23.Rae1 Qg6 24.Nc5 Bxc5 25.dxc5 e5 26.Bc1 Rae8 27.Qb3 Rf7 28.f3 Nf4 29.Bxf4 Kh8
30.Bxe5 Rfe7 31.Bg3 Qf5 32.Rxe7 Rxe7 33.Qc3 Re2 34.h3 Rc2 35.Qe3 h6 36.Bf2 Rxb2
37.Rd1 Kh7 38.Rd6 Rb1+ 39.Kh2 Rb2 40.Bg3 Qc2 41.Qg1 a5 42.Be5 Ra2 43.f4 Qf5
44.Qd1 a4 45.Rd7 h5 46.Rxg7+ Kh6 47.Rg5 Qf7 48.Qd6+ Kh7 49.Qd3+ Kh6 50.Bg7+ Qxg7
51.Rxg7 Kxg7 52.Qd4+ Kh6 53.Qf6+ Kh7 54.f5 Re2 55.Qg6+ Kh8 56.Qxh5+ Kg8 57.Qxe2 Kf8
58.Qe6 a3 59.f6  1-0

[Event "5th Wright Brothers Open"]
[Site "Dayton USA"]
[Date "2017.10.13"]
[Round "1"]
[White "Sedlar,William"]
[Black "George,Adith Joshua"]
[Result "1-0"]
[WhiteElo "2097"]
[BlackElo "1751"]

1.d4 d5 2.c4 dxc4 3.e4 c5 4.Nf3 cxd4 5.Bxc4 Qc7 6.Bb5+ Bd7 7.Nxd4 e5 8.Bxd7+ Qxd7
9.Nf5 Qxd1+ 10.Kxd1 Nc6 11.Nc3 O-O-O+ 12.Bd2 Nge7 13.Ne3 Ng6 14.g3 Nd4 15.Rc1 Kb8
16.Ncd5 Ne7 17.Rf1 Nf3 18.Bc3 Nxd5 19.exd5 Be7 20.Ke2 Nd4+ 21.Kd3 Bf6 22.f4 exf4
23.Rxf4 Ne6 24.Rxf6 gxf6 25.Bxf6 Rc8 26.Be5+ Ka8 27.Bxh8 Rxc1 28.dxe6 fxe6
29.Bc3 Rh1 30.h4 Rh2 31.Ng4 Rh1 32.Ke2 Kb8 33.Nf6 Kc8 34.Nxh7 Rg1 35.Kf2 Rd1
36.Nf8 Rd6 37.h5 Rd5 38.h6 Rf5+ 39.Ke3 Rxf8 40.h7 Kd7 41.h8=Q Rxh8 42.Bxh8 Ke7
43.Ke4  1-0

[Event "Banicky kahanec GM 2017"]
[Site "Bojnice SVK"]
[Date "2017.10.17"]
[Round "6.1"]
[White "Molenda,Marcin"]
[Black "Simacek,P"]
[Result "0-1"]
[WhiteElo "2397"]
[BlackElo "2495"]

1.d4 d5 2.c4 dxc4 3.e4 e5 4.Nf3 exd4 5.Bxc4 Nc6 6.O-O Be6 7.Bxe6 fxe6 8.Qb3 Qd7
9.Qxb7 Rb8 10.Qa6 Bd6 11.Nbd2 Nge7 12.a3 O-O 13.Qd3 Ng6 14.Nc4 Bf4 15.b4 Bxc1
16.Raxc1 Nf4 17.Qd2 Qf7 18.Nce5 Nxe5 19.Nxe5 Qh5 20.Nd7 Qg5  0-1

[Event "Banicky kahanec IM 2017"]
[Site "Bojnice SVK"]
[Date "2017.10.20"]
[Round "9.2"]
[White "Kantorik,M"]
[Black "Sliwicka,Alicja"]
[Result "1/2-1/2"]
[WhiteElo "2293"]
[BlackElo "2217"]

1.d4 d5 2.c4 dxc4 3.e4 c5 4.d5 Nf6 5.Nc3 b5 6.e5 b4 7.exf6 bxc3 8.bxc3 Nd7
9.Bxc4 Nb6 10.Bb5+ Bd7 11.Be2 c4 12.Nf3 exf6 13.Bf4 Ba4 14.Qc1 Qxd5 15.O-O Be7
16.Nd4  1/2-1/2

[Event "Mersin Open 2017"]
[Site "Mersin TUR"]
[Date "2017.10.25"]
[Round "6.4"]
[White "Shishkin,Va UKR"]
[Black "Baltag,I"]
[Result "1/2-1/2"]
[WhiteElo "2455"]
[BlackElo "2397"]

1.d4 d5 2.c4 dxc4 3.e4 e5 4.Nf3 exd4 5.Bxc4 Nc6 6.O-O Be6 7.Bxe6 fxe6 8.Qb3 Qd7
9.Qxb7 Rb8 10.Qa6 Nf6 11.Nbd2 e5 12.b3 Bd6 13.Ba3 O-O 14.Rac1 Rb6 15.Qc4+ Kh8
16.Bc5 Bxc5 17.Qxc5 Qd6 18.a3 a5 19.Ne1 Nd7 20.Qc2 Qg6 21.Nd3 Qh6 22.Qd1 Rb7
23.Qe2 Nd8 24.Nf3 Qd6 25.b4 axb4 26.axb4 Ne6  1/2-1/2

[Event "SPICE Cup Open 2017"]
[Site "Saint Louis USA"]
[Date "2017.10.25"]
[Round "8.25"]
[White "Ashwin,J"]
[Black "Shoykhet,Benjamin"]
[Result "1-0"]
[WhiteElo "2474"]
[BlackElo "1819"]

1.d4 d5 2.c4 dxc4 3.e4 e5 4.Nf3 Bb4+ 5.Nc3 exd4 6.Nxd4 Nf6 7.Qa4+ c6 8.Qxb4 Qxd4
9.Bxc4 c5 10.Qb3 O-O 11.Be3 Qe5 12.f4 Qe7 13.e5 Ng4 14.Nd5 Qd8 15.Bxc5 Re8
16.O-O-O Nd7 17.Bd6 Nf2 18.Nc7 Nxh1 19.Bxf7+ Kh8 20.Rxh1 Nc5 21.Qc4 Be6 22.Nxe6 Nxe6
23.Bxe6 Qb6 24.Kb1 Rad8 25.Bc7 Qf2 26.Bxd8 Rxd8 27.Bd5 Rf8 28.Bf3 Qe3 29.Rd1 h6
30.Qd4  1-0

[Event "17th Sautron Open 2017"]
[Site "Sautron FRA"]
[Date "2017.10.26"]
[Round "7.11"]
[White "Leriche,I"]
[Black "Degree,Florentin"]
[Result "1-0"]
[WhiteElo "1815"]
[BlackElo "1318"]

1.d4 d5 2.c4 dxc4 3.e4 Nf6 4.e5 Nd5 5.Bxc4 Nb6 6.Bd3 Nc6 7.Be3 Nd5 8.Nc3 Nxe3
9.fxe3 g6 10.Nf3 Bh6 11.Qe2 Bg4 12.O-O O-O 13.h3 Bd7 14.a3 Bg7 15.Rf2 Qc8
16.Raf1 Nd8 17.Nd5 Nc6 18.Ng5 h6 19.Ne4 e6 20.Ndf6+ Kh8 21.g4 Bxf6 22.Nxf6 Be8
23.g5 hxg5 24.Qg4 Kg7 25.Qxg5 Rh8 26.Nxe8+ Qxe8 27.Rxf7+ Qxf7 28.Rxf7+ Kxf7
29.Bxg6+ Kg7 30.Qf6+ Kh6 31.Bf7+ Kh7 32.Qg6+  1-0

[Event "21st European Teams"]
[Site "Hersonissos GRE"]
[Date "2017.10.31"]
[Round "4.6"]
[White "Ivanisevic,I"]
[Black "Laznicka,V"]
[Result "1/2-1/2"]
[WhiteElo "2593"]
[BlackElo "2654"]

1.d4 d5 2.c4 dxc4 3.e4 Nf6 4.e5 Nd5 5.Bxc4 Nb6 6.Bb3 Nc6 7.Be3 Bf5 8.e6 Bxe6
9.Bxe6 fxe6 10.Nc3 Qd7 11.Nf3 O-O-O 12.b4 e5 13.b5 Nxd4 14.Nxe5 Qd6 15.Nf7 Qg6
16.Nxd8 Nc2+ 17.Ke2 Nxa1 18.Bxb6 cxb6 19.Qa4 e5 20.Rxa1 Bc5 21.Nxb7 Kxb7
22.Qe4+ Qxe4+ 23.Nxe4 a6 24.a4 Ra8 25.Rd1 axb5 26.axb5 Bd4 27.Rc1 Ra2+ 28.Kd3 Bxf2
29.Rf1 Bc5 30.Rf7+ Kb8 31.Rxg7 h5 32.Nxc5 bxc5 33.Kc4 e4 34.Kd5 Rd2+ 35.Kc6 Rd8
36.Rb7+ Ka8 37.Re7 Rc8+ 38.Kd5 c4 39.b6 Kb8 40.b7 Rg8 41.g3 h4 42.gxh4 c3
43.Rxe4 Rg2 44.Rc4 c2 45.Kc6 Rg6+ 46.Kb5 Rg2 47.Kb6  1/2-1/2

[Event "21st European Teams Women"]
[Site "Hersonissos GRE"]
[Date "2017.11.01"]
[Round "5.10"]
[White "Gailiunaite,Saule"]
[Black "Gara,A"]
[Result "0-1"]
[WhiteElo "1838"]
[BlackElo "2382"]

1.d4 d5 2.c4 dxc4 3.e4 b5 4.a4 c6 5.axb5 cxb5 6.b3 e5 7.d5 Nf6 8.f3 Qb6 9.Qc2 Bc5
10.Ne2 cxb3 11.Qxb3 Bf2+ 12.Kd1 O-O 13.Bb2 Nbd7 14.Nd2 Bb7 15.Nc3 a6 16.Be2 Nc5
17.Qc2 Rac8 18.Qb1 Bd4 19.g3 Rfd8 20.Rf1 Ne6 21.Na2 Bxd5 22.exd5 Nxd5 23.Bd3 Ne3+
24.Ke2 Nxf1 25.Nxf1 Bxb2 26.Qxb2 Nd4+ 27.Kd1 Nxf3 28.Nb4 a5 29.Qe2 axb4 30.Qxf3 Qd4
31.Rb1 e4 32.Qe3 Qc3 33.Qxe4 Rxd3+ 34.Ke2 Qc2+  0-1

[Event "Chess Rumble 2017"]
[Site "Panama City PAN"]
[Date "2017.11.04"]
[Round "1.9"]
[White "Barrientos,S"]
[Black "Oquendo,Eder"]
[Result "1-0"]
[WhiteElo "2486"]
[BlackElo "1855"]

1.d4 d5 2.c4 dxc4 3.e4 e6 4.Bxc4 a6 5.Nf3 b5 6.Bb3 Bb7 7.Nbd2 c5 8.O-O Nf6
9.Qe2 cxd4 10.e5 Nd5 11.Ne4 Be7 12.Rd1 O-O 13.Rxd4 Nd7 14.Ng3 Qb6 15.Rg4 Rfc8
16.Bh6 g6 17.h4 Bf8 18.Bxf8 Kxf8 19.h5 Nc5 20.Qd2 Nxb3 21.axb3 Kg7 22.Rh4 Rh8
23.Ne4 Rad8 24.Nd6 Ne7 25.Qg5  1-0

[Event "21st European Teams"]
[Site "Hersonissos GRE"]
[Date "2017.11.06"]
[Round "9.8"]
[White "Wojtaszek,R"]
[Black "Edouard,R"]
[Result "1/2-1/2"]
[WhiteElo "2737"]
[BlackElo "2607"]

1.d4 d5 2.c4 dxc4 3.e4 Nf6 4.e5 Nd5 5.Bxc4 Nb6 6.Bd3 Nc6 7.Ne2 Bg4 8.Be3 Qd7
9.Nbc3 O-O-O 10.O-O Nxe5 11.Bb5 Nc6 12.h3 Bxe2 13.Qxe2 e6 14.Rfd1 a6 15.d5 exd5
16.Bxb6 cxb6 17.Nxd5 Qe6 18.Nxb6+ Kc7 19.Qxe6 fxe6 20.Bxc6 Rxd1+ 21.Rxd1 Kxc6
22.Nc4 Be7 23.Kf1 Rd8 24.Rc1 Bg5 25.Re1 Bf6 26.b3 b5 27.Na5+ Kb6 28.b4 Rd6
29.Re3 Bg5 30.Rg3 h6 31.a3 Rd1+ 32.Ke2 Rd2+ 33.Ke1 Ra2 34.Rd3 Kc7 35.Rc3+ Kd7
36.Nb3 Be7 37.Kf1 Ke8  1/2-1/2

[Event "Champions Showdown G30"]
[Site "Saint Louis USA"]
[Date "2017.11.09"]
[Round "2.2"]
[White "Grischuk,A"]
[Black "Caruana,F"]
[Result "1/2-1/2"]
[WhiteElo "2782"]
[BlackElo "2799"]

1.d4 d5 2.c4 dxc4 3.e4 Nf6 4.e5 Nd5 5.Bxc4 Nb6 6.Bd3 Nc6 7.Ne2 Bg4 8.f3 Bh5
9.Be4 e6 10.O-O Bg6 11.Be3 Be7 12.Nbc3 Bxe4 13.fxe4 Bg5 14.Bf2 O-O 15.b3 f5
16.exf6 Bxf6 17.Qd2 Qe7 18.Rad1 Rad8 19.Qe3 e5 20.d5 Nd4 21.Kh1 c6 22.dxc6 bxc6
23.Bg1 Qe6 24.Ng3 g6 25.Rd2 Bg7 26.Rxf8+ Rxf8 27.Rf2 Rd8 28.Qd3 Rd7 29.Qa6 h5
30.h3 c5 31.Nf1 c4 32.b4 Nc6 33.b5 Nb4 34.Qa5 Nd3 35.Rf3 Nf4 36.Qa6 g5 37.Nh2 g4
38.hxg4 hxg4 39.Rg3 Rd3 40.Rxd3 cxd3 41.Qxa7 Ne2 42.Nxe2 dxe2 43.Bf2 Qc4
44.Nxg4 Qc1+ 45.Kh2 e1=Q 46.Bxe1 Qxe1 47.Qxb6 Qh4+ 48.Kg1 Qxg4 49.Qd8+ Kh7
50.Qd5 Bh6 51.Qf7+ Kh8 52.Qe8+ Kh7 53.Qf7+ Kh8 54.Qf3 Qg5 55.Qf2 Kg7 56.a4 Qc1+
57.Kh2 Be3 58.Qg3+ Kf6 59.Qf3+ Ke7 60.Kh3 Bb6 61.g3 Qa1 62.Qf5 Bd4 63.Qg5+ Kd6
64.Qd8+ Kc5 65.Qd5+ Kb4 66.b6 Qh1+ 67.Kg4 Qd1+ 68.Kg5 Qd2+ 69.Kg6 Qg2 70.b7 Qxg3+
71.Kf7 Qf3+ 72.Ke8 Qh5+ 73.Kd8 Qh8+ 74.Kc7 Qg7+ 75.Kc6 Ba7 76.a5 Ka3 77.a6 Kb2
78.Qd7 Kc1 79.Qxg7 Kd2 80.Qxe5 Bc5 81.Qxc5  1/2-1/2

[Event "Champions Showdown G30"]
[Site "Saint Louis USA"]
[Date "2017.11.09"]
[Round "4.2"]
[White "Grischuk,A"]
[Black "Caruana,F"]
[Result "1/2-1/2"]
[WhiteElo "2782"]
[BlackElo "2799"]

1.d4 d5 2.c4 dxc4 3.e4 Nf6 4.e5 Nd5 5.Bxc4 Nb6 6.Bd3 Nc6 7.Ne2 Bg4 8.f3 Bh5
9.Be4 e6 10.O-O Bg6 11.Be3 Be7 12.Kh1 Nb4 13.Nbc3 N4d5 14.Bg1 Qd7 15.Qe1 O-O-O
16.a4 Nb4 17.a5 N6d5 18.Qd2 Kb8 19.Rfc1 a6 20.Na4 f6 21.exf6 gxf6 22.Nc5 Bxc5
23.Rxc5 Qe7 24.Rac1 Rd7 25.R1c4 Nc6 26.Bxd5 Rxd5 27.Nf4 Rxc5 28.Rxc5 Rd8
29.Qc3 Rd6 30.h3 Qd7 31.Ne2 Rd5 32.Nf4 Rd6 33.Ne2 Na7 34.Qe3 Nb5 35.Rc1 Rc6
36.Rxc6 Qxc6 37.Qh6 Qe8 38.Qg7 e5 39.Qxf6 e4 40.Qe5 exf3 41.Qxe8+ Bxe8 42.gxf3 Nd6
43.Kg2 Nc4 44.b4 b6 45.axb6 cxb6 46.d5 Bf7 47.Nc3 Kc7 48.Kg3 Kd6 49.Ne4+ Ke5
50.d6 Nxd6 51.Nxd6 Kxd6 52.Bxb6 Ke6  1/2-1/2

[Event "Champions Showdown G20"]
[Site "Saint Louis USA"]
[Date "2017.11.10"]
[Round "2.2"]
[White "Grischuk,A"]
[Black "Caruana,F"]
[Result "1/2-1/2"]
[WhiteElo "2782"]
[BlackElo "2799"]

1.d4 d5 2.c4 dxc4 3.e4 Nf6 4.e5 Nd5 5.Bxc4 Nb6 6.Bd3 Nc6 7.Ne2 Bg4 8.f3 Bh5
9.Be4 e6 10.O-O Bg6 11.Be3 Be7 12.a3 Bxe4 13.fxe4 Bg5 14.Bf2 O-O 15.Qc2 f5
16.exf6 Rxf6 17.Nd2 Rxf2 18.Rxf2 Be3 19.Nf3 Qe7 20.Qc3 Bxf2+ 21.Kxf2 Rf8
22.Kg1 a5 23.Rd1 a4 24.Ng3 Qf7 25.Rf1 Qd7 26.h4 Rf4 27.Qd3 h6 28.Ne2 Rf6
29.Qc3 Qe8 30.Rc1 Qg6 31.Qe3 Rf8 32.Nf4 Qf7 33.Nd3 Nd7 34.Rc4 Nb6 35.Rc2 Nd7
36.Rf2 Qe7 37.Nf4 Qf7 38.Nd3 Qe7 39.Nf4 Qf7  1/2-1/2

[Event "Champions Showdown G20"]
[Site "Saint Louis USA"]
[Date "2017.11.10"]
[Round "4.2"]
[White "Grischuk,A"]
[Black "Caruana,F"]
[Result "1/2-1/2"]
[WhiteElo "2782"]
[BlackElo "2799"]

1.d4 d5 2.c4 dxc4 3.e4 Nf6 4.e5 Nd5 5.Bxc4 Nb6 6.Bd3 Nc6 7.Ne2 Bg4 8.f3 Bh5
9.Be4 e6 10.O-O Bg6 11.Be3 Be7 12.a3 Qd7 13.Nbc3 O-O-O 14.Qc2 f5 15.Bxc6 Qxc6
16.Nf4 Bg5 17.Rfd1 Bxf4 18.Bxf4 Nd5 19.Qd2 h6 20.Rac1 Qa6 21.Nxd5 Rxd5 22.Rc5 Rhd8
23.Rxd5 Rxd5 24.Qf2 Be8 25.h4 Qa4 26.Rd2 c5 27.Be3 f4 28.Bxf4 Rxd4 29.Be3 Rxd2
30.Qxd2 b6 31.Bf2 Qd7 32.Qf4 Bg6 33.b4 cxb4 34.Qxb4 Kb7 35.a4 Qc7 36.a5 h5
37.axb6 axb6 38.Qb2 Bf5 39.Kh2 g6 40.Bd4 Bd3 41.Kg3 Bf5 42.Qb4 Bd3 43.Qb3 Bf5
44.Kf4 Qd8 45.Ke3 Qc7 46.Kf4 Qd8 47.Ke3 Qc7  1/2-1/2

[Event "Champions Showdown G20"]
[Site "Saint Louis USA"]
[Date "2017.11.10"]
[Round "6.2"]
[White "Grischuk,A"]
[Black "Caruana,F"]
[Result "1-0"]
[WhiteElo "2782"]
[BlackElo "2799"]

1.d4 d5 2.c4 dxc4 3.e4 Nf6 4.e5 Nd5 5.Bxc4 Nb6 6.Bd3 Nc6 7.Ne2 Bg4 8.f3 Bh5
9.Be4 e6 10.O-O Bg6 11.Be3 Be7 12.a3 Qd7 13.Nbc3 O-O-O 14.Qc2 f5 15.Bxc6 Qxc6
16.Bf2 f4 17.Qc1 Bg5 18.Nxf4 Kb8 19.Nce2 Qe8 20.Be3 Bf5 21.Rd1 Bxf4 22.Bxf4 h6
23.Be3 Nd5 24.Nc3 g5 25.Nxd5 Rxd5 26.h3 Rg8 27.b3 Qe7 28.Ra2 Bg6 29.a4 Be8
30.Qa3 Qh7 31.b4 h5 32.Bf2 g4 33.fxg4 hxg4 34.h4 g3 35.Bxg3 Bg6 36.b5 Bf5
37.Qe3 Rd7 38.d5 Rdg7 39.dxe6 Bxe6 40.Ra3 b6 41.Qf2 Rf7 42.Qe1 Qc2 43.Rc1 Qb2
44.Rac3 Rfg7 45.R1c2 Qb4 46.Rc6 Rxg3 47.Qxb4  1-0